Sermones sobre varios asuntos (Record no. 8417)

MARC details
000 -CABECERA
campo de control de longitud fija 02024nam a2200265 a 4500
001 - NÚMERO DE CONTROL
campo de control BRCA_8766
005 - FECHA Y HORA DE LA ÚLTIMA TRANSACCIÓN
campo de control 20190320210411.0
008 - DATOS DE LONGITUD FIJA--INFORMACIÓN GENERAL
campo de control de longitud fija 290317s1773----sp-#######---#000-0#spa-#
041 ## - CÓDIGO DE LENGUA
Código de lengua del texto/banda sonora o título independiente spa
044 ## - CÓDIGO DEL PAÍS DE LA ENTIDAD EDITORA/PRODUCTORA
Código MARC del país sp
084 ## - OTRO NÚMERO DE CLASIFICACIÓN
Número de clasificación BE128
Número de documento/Ítem .J85 1773
100 1# - ENTRADA PRINCIPAL--NOMBRE DE PERSONA
Nombre de persona Julian y Carrera, Blas
9 (RLIN) 21830
245 10 - MENCIÓN DE TÍTULO
Título Sermones sobre varios asuntos
Resto del título tomo tercero
Mención de responsabilidad, etc. escritos en francés y traducidos en castellanos por Don Blas Julián y Carrera, Abad de Leorin, y Revisor General de Librerias por el Consejo de la Suprema y General Inquisición.
260 ## - PUBLICACIÓN, DISTRIBUCIÓN, ETC.
Lugar de publicación, distribución, etc. Madrid
Nombre del editor, distribuidor, etc. En la Oficina de Pantaleón Aznar, Carrera de San Geronymo
Fecha de publicación, distribución, etc. 1773
300 ## - DESCRIPCIÓN FÍSICA
Extensión [2], 300 p. (t.3)
Dimensiones 20.5 x 15.3 cm.
500 ## - NOTA GENERAL
Nota general Con las licencias necesarias
500 ## - NOTA GENERAL
Nota general En portada: A costa de la Real Compañía de Impresores, y Libreros del Reyno
500 ## - NOTA GENERAL
Nota general Con marca de fuego: “Procedencia de la marca: Convento de San Francisco Santa María del Pueblito de Querétaro(1). Institución: Orden de Frailes Menores. Provincia de San Pedro y San Pablo de Michoacán. Descripción: Monograma conformado por las iniciales “P”, “u”, “E” seguidas de “b”, “I”, “T” y “o” que se desata como Pueblito(2) dentro de un filete en forma de rombo. Observaciones: Krausse la incluye entre las marcas no identificadas. David Saavedra la identifica como del Convento Franciscano de Santa María del Pueblito, Villa Corregidora de Querétaro. Con el testimonio de pertenencia ubicado en este ejemplar se corrobora la atribución realizada por David Saavedra. Ubicación de la marca en el libro: Canto superior, inferior y lateral”
500 ## - NOTA GENERAL
Nota general Estado físico: presenta encuadernación en pergamino, con cintas
505 0# - NOTA DE CONTENIDO CON FORMATO
Nota de contenido con formato contenido: Mysterios de N.tro S.r
650 14 - PUNTO DE ACCESO ADICIONAL DE MATERIA--TÉRMINO DE MATERIA
Término de materia o nombre geográfico como elemento de entrada Sermones franceses
Subdivisión cronológica Obras anteriores a 1800
9 (RLIN) 21831
856 ## - LOCALIZACIÓN Y ACCESO ELECTRÓNICOS
Nombre del host http://www.marcasdefuego.buap.mx:8180/xmLibris/projects/firebrand/item.jsp?repository=marcas_de_fuego&key=marcas_de_fuego_franciscanas_20150618135223_2ccc.xml&num=124
902 ## - CATALOGADOR
Iniciales CFM
942 ## - ELEMENTOS DE PUNTO DE ACCESO ADICIONAL (KOHA)
Fuente del sistema de clasificación o colocación Library of Congress Classification
Tipo de ítem Koha Libros
Holdings
Estado de retiro Estado de pérdida Estado dañado No para préstamo Localización permanente Ubicación/localización actual Fecha de adquisición Total de préstamos Signatura topográfica completa Código de barras Fecha visto por última vez Precio válido a partir de Tipo de ítem Koha
El ejemplar forma parte de la colección y puede ser consultado según las políticas vigentes.       Biblioteca del Museo Franz Mayer (Rogerio Casas-Alatriste) Biblioteca del Museo Franz Mayer (Rogerio Casas-Alatriste) 29/03/2017   BE128 .J85 1773 CFM00092 22/03/2019 22/03/2019 Libros